เปลี่ยนเป็นภาษาไทย

Change to English
 แสดงรายละเอียดบรรณานุกรม
  กลับหน้าหลัก
ห้องสมุดโรงเรียนพะเยาพิทยาคม...ยินดีต้อนรับ...ทุกท่านเข้าสู่ระบบห้องสมุดอัตโนมัติ

Brief Record : Get Marc (ISO 2709) : E-mail record : QR code ปิดหน้าต่าง
หนังสืออ้างอิง : เกี่ยวกับ Collections
LEADER 00000nam 2200000uu 4500
001    4067
003     ULIBM
008    100204s2552||||th 000 0 tha d
082 0  ^a294.362^bส215ส
110 1  ^aสำนักปฏิบัติธรรม ป่าแก้ว
245 00 ^aสมเด็จพระพนรัตพระสังฆราชอรัญวาสี (มหาเถระคันฉ่อง) และพระพุทธมนต์/^cโดย สำนักปฏิบัติธรรม ป่าแก้ว
260    ^aพิมพ์ครั้งที่ 1.^b เชียงใหม่ :^c ห้างหุ้นส่วนจำกัด กู๊ดพริ้นท์ พริ้นติ้ง;^d2552.
300    ^a 208 หน้า :^bภาพประกอบ;^c21 ซม.
650  0 ^aพระสังฆราช
945    ^p0^l0^i36057
999     ^amod
 
คุณยังไม่ได้ล็อกอิน คุณสามารถมีกิจกรรมร่วมกับเว็บไซต์ได้ แต่ต้องล็อกอินก่อน ::
  ล็อกอิน
ลำดับที่ ประเภท เลขเรียก/บาร์โค้ด สถานที่ สถานะ
1. หนังสือ
หนังสือ
294.362 ส215ส 2552 ฉ.1 
  Barcode: 36057
ห้องสมุด
►หนังสือทั่วไป
On Shelf
  ขอยืม
2. หนังสือ
หนังสือ
294.362 ส215ส 2552 ฉ.2 
  Barcode: 36058
ห้องสมุด
►หนังสือทั่วไป
On Shelf
  ขอยืม
3. หนังสือ
หนังสือ
294.362 ส215ส 2552 ฉ.3 
  Barcode: 36059
ห้องสมุด
►หนังสือทั่วไป
On Shelf
  ขอยืม
4. หนังสือ
หนังสือ
294.362 ส215ส 2552 ฉ.4 
  Barcode: 36060
ห้องสมุด
►หนังสือทั่วไป
On Shelf
  ขอยืม
5. หนังสือ
หนังสือ
294.362 ส215ส 2552 ฉ.5 
  Barcode: 36061
ห้องสมุด
►หนังสือทั่วไป
On Shelf
  ขอยืม
6. หนังสือ
หนังสือ
294.362 ส215ส 2552 ฉ.6 
  Barcode: 36062
ห้องสมุด
►หนังสือทั่วไป
On Shelf
  ขอยืม
7. หนังสือ
หนังสือ
294.362 ส215ส 2552 ฉ.7 
  Barcode: 36063
ห้องสมุด
►หนังสือทั่วไป
On Shelf
  ขอยืม
8. หนังสือ
หนังสือ
294.362 ส215ส 2552 ฉ.8 
  Barcode: 36064
ห้องสมุด
►หนังสือทั่วไป
On Shelf
  ขอยืม
9. หนังสือ
หนังสือ
294.362 ส215ส 2552 ฉ.9 
  Barcode: 36065
ห้องสมุด
►หนังสือทั่วไป
On Shelf
  ขอยืม
10. หนังสือ
หนังสือ
294.362 ส215ส 2552 ฉ.10 
  Barcode: 36066
ห้องสมุด
►หนังสือทั่วไป
On Shelf
  ขอยืม
11. หนังสือ
หนังสือ
294.362 ส215ส 2552 ฉ.11 
  Barcode: 36067
ห้องสมุด
►หนังสือทั่วไป
On Shelf
  ขอยืม
12. หนังสือ
หนังสือ
294.362 ส215ส 2552 ฉ.12 
  Barcode: 36068
ห้องสมุด
►หนังสือทั่วไป
On Shelf
  ขอยืม
  1 2 [2]   [แสดง 12/13 รายการ]

หนังสือดีน่าอ่าน


“ดั่งดวงแก้ว ส่องสว่าง ทางสายงาม”


จัดทำขึ้นเพื่อเฉลิมพระเกียรติ สมเด็จพระเทพรัตนราชสุดา ฯ สยามบรมราชกุมารี 
เนื่องในโอกาสมหามงคลเฉลิมพระชนมพรรษา ๕ รอบ ๒ เมษายน ๒๕๕๘ 

โดยหนังสือเล่มนี้ได้รวบรวม ๖๐ พระอัจฉริยภาพของสมเด็จพระเทพ ฯ 
ผู้อ่านจะได้รับแรงบันดาลใจให้พากเพียรเรียนรู้และขยันอดทนทำการงาน
ตามรอยเบื้องพระยุคลบาท เพราะพระองค์ทรงเป็นแบบอย่างอันดีเยี่ยมในทุกด้าน 

ทั้งในความใฝ่รู้ใฝ่เรียน คุณธรรมจริยธรรม พระวิริยอุตสาหะในการทรงงาน 
และอื่นๆอีกมากมาย ล้วนสามารถสร้างแรงบันดาลใจให้แก่เด็กและเยาวชน

อีกทั้งประชาชนทั่วไป ให้พากเพียรเรียนรู้และขยันอดทนทำการงานตามรอยพระยุคลบาท 
เพื่อฝึกฝนตนเองให้เป็นคนดีคนเก่งของครอบครัวและสังคมต่อไป



รายการใกล้เคียง
    หัวเรื่อง [พระสังฆราช]

แสดงความเห็นเกี่ยวกับหนังสือเล่มนี้


ยังไม่เคยถูกคอมเมนท์

คอมเมนท์ทรัพยากรรายการนี้
  คอมเมนท์: สมเด็จพระพนรัตพร..

 
 
 

 

ห้องสมุดเฉลิมพระเกียรติกาญจนาภิเษก  โรงเรียนพะเยาพิทยาคม อำเภอเมือง จังหวัดพะเยา 56000

 E-mail  : Library_ppk@windowslive.com     Library Phayaopittayakom 05-4431-275 ต่อ 4621


 Union Library Management : ULibM
Copyright 2026. All Rights Reserved.